Rejected British County Flags - Statistics

General Stats
  • This quiz has been taken 16 times
  • The average score is 10 of 20
Answer Stats
Counties % Correct
Nottinghamshire
87%
Herefordshire
73%
Sussex
73%
Worcestershire
73%
Somerset
67%
Berkshire
60%
Derbyshire
60%
Wiltshire
60%
Lincolnshire
53%
Northamptonshire
53%
Aberdeenshire
47%
Durham
47%
Morayshire
40%
Banffshire
33%
Berwickshire
33%
Caithness
33%
East Lothian
33%
Leicestershire
33%
Orkney
33%
Sutherland
33%
No matching quizzes found
Score Distribution
Percent of People with Each Score
Percentile by Number Answered
Your Score History
You have not taken this quiz